000 00958nas a2200253 454500
001 27204
005 20260407193507.0
008 260407s1965####ag###########|||spa#d
003 AR-UNSa-BCEJYS
040 _aAR-UNSa-BCEJYS
_bspa
_cAR-UNSa-BCEJYS
080 _a338
_xSituación económica. Política económica. Gestión de la economía. Planificación de la economía. Producción. Servicios. Precios
245 1 0 _aITDT Serie Documentos de Trabajo
022 _a0325-8483
264 1 _aBuenos Aires :
_b[s.n.]
_c1965
310 _aFrecuencia: Irregular
942 _cSER
590 _aniveau_biblio:s niveau_hierar:1
100 1 _aInstituto Torcuato Di Tella. Centro de Investigaciones Económicas
650 _aInflación
650 _aCondiciones económicas
650 _aPolítica económica
650 _aECONOMIA
856 4 1 _uhttps://biblioeco.unsa.edu.ar/pmb/images/revistas/Instituto Torcuato Di Tella-r13155.jpg
_yImagen de portada
_qimage/jpeg
999 _c8620
_d8620